| Tag |
First Indicator |
Second Indicator |
Subfields |
| LEADER |
00000pam a2200000 a 4500 |
| 001 |
in00000071232 |
| 005 |
20151008062121.0 |
| 008 |
810512s1981 nyua 00011 eng |
| 010 |
|
|
|a 80002872
|
| 020 |
|
|
|a 0385175035 :
|c $14.95
|
| 035 |
|
|
|a (OCoLC)07553169
|
| 035 |
|
|
|9 AAJ9559AM
|
| 039 |
0 |
|
|a 2
|b 3
|c 3
|d 3
|e 3
|
| 040 |
|
|
|a DLC
|c DLC
|d TXA
|d UtOrBLW
|
| 049 |
|
|
|a TXAM
|c [1560815]
|
| 050 |
0 |
0 |
|a PS3569.H3964
|b F5
|
| 082 |
0 |
|
|a 813/.54
|2 19
|
| 100 |
1 |
|
|a Shepherd, Jean.
|
| 245 |
1 |
2 |
|a A fistful of fig newtons /
|c by Jean Shepherd ; illustrated by the author.
|
| 250 |
|
|
|a 1st ed.
|
| 264 |
|
1 |
|a Garden City, N.Y. :
|b Doubleday,
|c 1981.
|
| 300 |
|
|
|a xii, 265 pages :
|b illustrations ;
|c 22 cm.
|
| 336 |
|
|
|a text
|b txt
|2 rdacontent
|
| 337 |
|
|
|a unmediated
|b n
|2 rdamedia
|
| 338 |
|
|
|a volume
|b nc
|2 rdacarrier
|
| 505 |
0 |
|
|a A fistful of fig newtons, or The shootout in room 303 -- The light at the end of the tunnel -- The mole people battle the forces of darkness -- Marcel Proust meets the New Jersey tailgater, and survives -- The marathon run of Lonesome Ernie, the Arkansas Traveler -- Sociology 101 (Hip Division) -- Lemons on the grass, alas -- The lost civilization of Deli -- The whole fun catalog of 1929 -- Lost at C -- Ellsworth Leggett and the great ice cream war -- The Barbi doll celebrates New Year's.
|
| 999 |
|
|
|a MARS
|
| 999 |
f |
f |
|s 28a1ee1f-b9cf-3596-894a-43a571fe908a
|i fc5f1782-6004-3b31-b480-994aafd23d1b
|t 0
|
| 952 |
f |
f |
|p normal
|a Texas A&M University
|b College Station
|c Sterling C. Evans Library
|d Evans: Library Stacks
|t 0
|e PS3569.H3964 F5
|h Library of Congress classification
|i unmediated -- volume
|m A14806193337
|
| 998 |
f |
f |
|a PS3569.H3964 F5
|t 0
|l Evans: Library Stacks
|